|
|
|
|
| LEADER |
00000nam0a2200000 4500 |
| 001 |
28130 |
| 005 |
20231030202703.0 |
| 010 |
|
|
|a 5856390083
|
| 035 |
|
|
|a (RuTPU)RU\TPU\book\28386
|
| 035 |
|
|
|a BOOK00028461
|
| 090 |
|
|
|a 28130
|
| 100 |
|
|
|a 20011209d1993 u y0rusy50 ca
|
| 101 |
0 |
|
|a rus
|
| 102 |
|
|
|a RU
|
| 105 |
|
|
|a f 000|y
|
| 200 |
1 |
|
|a История государства и права России
|e Курс лекций
|f И. А. Исаев
|
| 210 |
|
|
|a Москва
|c Бек
|d 1993
|
| 215 |
|
|
|a 245 с.
|
| 610 |
1 |
|
|a право
|
| 610 |
1 |
|
|a государство
|
| 610 |
1 |
|
|a Россия
|
| 610 |
1 |
|
|a история
|
| 610 |
1 |
|
|a Древняя Русь
|
| 610 |
1 |
|
|a феодальные государства
|
| 610 |
1 |
|
|a Московское государство
|
| 610 |
1 |
|
|a Российская империя
|
| 610 |
1 |
|
|a учебные пособия
|
| 686 |
|
|
|a Х2(2)я73
|v LBC/SL-A
|2 rubbk
|
| 700 |
|
1 |
|a Исаев
|g Игорь Андреевич
|
| 801 |
|
0 |
|a RU
|b 63413507
|c 20011209
|g PSBO
|
| 801 |
|
2 |
|a RU
|b 63413507
|c 20141023
|g RCR
|
| 942 |
|
|
|c BK
|